UM Logo

The integrated early childhood curriculum / (Record no. 7058)

MARC details
000 -LEADER
fixed length control field 00648nam a2200181 4500
008 - FIXED-LENGTH DATA ELEMENTS--GENERAL INFORMATION
fixed length control field 170720b xxu||||| |||| 00| 0 eng d
020 ## - INTERNATIONAL STANDARD BOOK NUMBER
International Standard Book Number 0-07-035977-6 (acid-free paper)
082 ## - DEWEY DECIMAL CLASSIFICATION NUMBER
Edition number 1995
Classification number DC 372.19
Item number K91
100 ## - MAIN ENTRY--PERSONAL NAME
9 (RLIN) 21345
Personal name Krogh, Suzanne
245 ## - TITLE STATEMENT
Title The integrated early childhood curriculum /
Statement of responsibility, etc. Suzanne Lowell Krogh
250 ## - EDITION STATEMENT
Edition statement Second Edition
260 ## - PUBLICATION, DISTRIBUTION, ETC. (IMPRINT)
Place of publication, distribution, etc. New York :
Name of publisher, distributor, etc. McGraw-Hill,
Date of publication, distribution, etc. c1995.
300 ## - PHYSICAL DESCRIPTION
Extent xv, 430 pages :
Other physical details illustrations ;
Dimensions 24 cm
500 ## - GENERAL NOTE
General note Includes bibliographical references and index.
650 #0 - SUBJECT ADDED ENTRY--TOPICAL TERM
9 (RLIN) 21346
Topical term or geographic name as entry element Early childhood education -- United States -- Curricula
365 ## - TRADE PRICE
Price amount 2,583.00
Currency code Php
942 ## - ADDED ENTRY ELEMENTS (KOHA)
Source of classification or shelving scheme Dewey Decimal Classification
Koha item type Circulation
Holdings
Withdrawn status Lost status Source of classification or shelving scheme Damaged status Not for loan Collection code Home library Current library Date acquired Source of acquisition Cost, normal purchase price Total Checkouts Full call number Barcode Date last seen Copy number Price effective from Koha item type
    Dewey Decimal Classification     Circulation UM Digos College - LIC UM Digos College - LIC 04/03/2000 Purchased 2583.00   DC 372.19 K91 1995 14075 05/15/2025 1 07/20/2017 Circulation